Statistics for Which Benelux Country? Multiple Choice

Click here to take the quiz!

General Stats

  • This quiz has been taken 377 times
    (343 since last reset)
  • The average score is 11 of 16

Answer Stats

QuestionAnswer% Correct
Its capital is the bicycle capital of the worldNetherlands
94%
The battle that ended the Napoleonic Wars took place hereBelgium
92%
Is world's richest country per capita (nominal)Luxembourg
91%
Was the first country to legalize same-sex marriageNetherlands
88%
Utrecht is its 4th largest cityNetherlands
84%
Is a Grand DuchyLuxembourg
82%
Is the country of origin of The SmurfsBelgium
80%
Was named after a Saxon fortressLuxembourg
80%
Does NOT have several official languagesNetherlands
80%
Almost half of its residents are foreignersLuxembourg
77%
Half of its population is irreligiousNetherlands
73%
Proposed the name of the Euro currencyBelgium
59%
Does NOT have a national languageBelgium
58%
Is the most densely populated oneNetherlands
44%
Flower Carpet is located in its capitalBelgium
33%
Contains the European Court of JusticeLuxembourg
31%

Score Distribution

Percentile by Number Answered

Percent of People with Each Score

Your Score History

You have not taken this quiz since the last reset